000 00699nam a22002057a 4500
005 20251108165942.0
008 250721s1993 xx 000 0 ara d
082 1 4 _aط/ 624.19/ محم
100 1 _aمحمود، عمر مرسي
245 1 0 _aمترو الأنفاق بين الهندسة و الحضارة /
264 1 _aالقاهره :
_bالهيئة المصرية العامة للكتاب،
_c[1993].
300 _a20ص.
500 _aجائزة سوزان مبارك 1993 تبسيط العلوم
650 1 7 _aالأنفاق
650 1 7 _aسكك حديد الأنفاق
650 1 7 _aمصر
653 _aناشئون صغار (10-14) سنة
942 _2ddc
_cBK
999 _c35735
_d35735